000 00281nam a2200121Ia 4500
008 241002s9999 xx 000 0 und d
082 _a808.2 MAR
100 _aMarriott, J.W.
245 0 _aOne Act Plays of to day
260 _aLondon:
_c1953
600 _aLiterature
942 _cUC
999 _c19025
_d19025